Project on Human Development in Chicago Neighborhoods (PHDCN): Stanford-Binet, Wave 2, 1997-2000

The Project on Human Development in Chicago Neighborhoods (PHDCN) was a large-scale, interdisciplinary study of how families, schools, and neighborhoods affect child and adolescent development. One component of the PHDCN was the Longitudinal Cohort Study, which was a series of coordinated longitudin...

Full description

Saved in:  
Bibliographic Details
Main Author: Earls, Felton J. (Author)
Contributors: Brooks-Gunn, Jeanne (Contributor) ; Raudenbush, Stephen W. (Contributor) ; Sampson, Robert J. (Contributor)
Format: Electronic Research Data
Language:English
Published: [Erscheinungsort nicht ermittelbar] [Verlag nicht ermittelbar] 2006
In:Year: 2006
Online Access: Volltext (kostenfrei)
Check availability: HBZ Gateway
Keywords:

MARC

LEADER 00000cam a22000002c 4500
001 1840061294
003 DE-627
005 20250707112849.0
007 cr uuu---uuuuu
008 230324s2006 xx |||||o 00| ||eng c
024 7 |a 10.3886/ICPSR13652.v1  |2 doi 
035 |a (DE-627)1840061294 
035 |a (DE-599)KXP1840061294 
040 |a DE-627  |b ger  |c DE-627  |e rda 
041 |a eng 
084 |a 2,1  |2 ssgn 
100 1 |a Earls, Felton J.  |e VerfasserIn  |4 aut 
245 1 0 |a Project on Human Development in Chicago Neighborhoods (PHDCN): Stanford-Binet, Wave 2, 1997-2000 
264 1 |a [Erscheinungsort nicht ermittelbar]  |b [Verlag nicht ermittelbar]  |c 2006 
336 |a Text  |b txt  |2 rdacontent 
337 |a Computermedien  |b c  |2 rdamedia 
338 |a Online-Ressource  |b cr  |2 rdacarrier 
520 |a The Project on Human Development in Chicago Neighborhoods (PHDCN) was a large-scale, interdisciplinary study of how families, schools, and neighborhoods affect child and adolescent development. One component of the PHDCN was the Longitudinal Cohort Study, which was a series of coordinated longitudinal studies that followed over 6,000 randomly selected children, adolescents, and young adults, and their primary caregivers over time to examine the changing circumstances of their lives, as well as the personal characteristics, that might lead them toward or away from a variety of antisocial behaviors. Numerous measures were administered to respondents to gauge various aspects of human development, including individual differences, as well as family, peer, and school influences. Traditionally, the Stanford-Binet (SB) Intelligence Scale was a wide-range individual test, assessing intelligence from age two through the superior adult level. It was an age scale, requiring subjects to solve problems, give definitions, memorize new material, and use some visual-motor skills at various age levels. For this study, the SB included a vocabulary subtest that consisted of providing both names of pictures and definitions of words. It was only administered to Cohort 3. 
540 |a ICPSR Terms of Use 
650 4 |a Child Development 
650 4 |a Children 
650 4 |a Evaluation 
650 4 |a Neighborhoods 
650 4 |a testing and measurement 
655 7 |a Forschungsdaten  |0 (DE-588)1098579690  |0 (DE-627)857755366  |0 (DE-576)469182156  |2 gnd-content 
700 1 |a Brooks-Gunn, Jeanne  |e MitwirkendeR  |4 ctb 
700 1 |a Raudenbush, Stephen W.  |e MitwirkendeR  |4 ctb 
700 1 |a Sampson, Robert J.  |e MitwirkendeR  |4 ctb 
787 0 8 |i Forschungsdaten zu  |a Nicholson, David F.  |t Disadvantaged Neighborhoods and Fear of Crime: Does Family Structure Matter  |d [Erscheinungsort nicht ermittelbar] : University of Oklahoma, 2010  |w (DE-627)1912514982 
787 0 8 |i Forschungsdaten zu  |a Zimmerman, Gregory M.  |t Impulsivity, Offending, and the Neighborhood: Investigating the Person-Context Nexus  |d [Erscheinungsort nicht ermittelbar] : State University of New York, Albany, 2009  |w (DE-627)1912587246 
787 0 8 |i Forschungsdaten zu  |a Wodtke, Geoffrey T.  |t Toxic neighborhoods: Concentrated poverty, environmental health hazards, and cognitive development during early childhood  |d Institute for Analytical Sociology, 2022  |w (DE-627)1912726696 
787 0 8 |i Forschungsdaten zu  |a Wodtke, Geoffrey  |t Toxic neighborhoods: The effects of concentrated poverty and environmental lead contamination on early childhood development  |d Cornell University, 2022  |w (DE-627)1912726718 
787 0 8 |i Forschungsdaten zu  |a Wodtke,Geoffrey  |t Toxic Neighborhoods: The Effects of Concentrated Poverty and Environmental Lead Contamination on Early Childhood Development  |d [Erscheinungsort nicht ermittelbar] : Paris Institute of Political Studies, 2022  |w (DE-627)1912726726 
787 0 8 |i Forschungsdaten zu  |a Wodtke, Geoffrey  |t Toxic Neighborhoods: The Joint Effects of Concentrated Poverty and Environmental Lead Contamination on Cognitive Development During Early Childhood  |d [Erscheinungsort nicht ermittelbar] : University of Chicago Committee on Education, 2020  |w (DE-627)1912726742 
856 4 0 |u https://doi.org/10.3886/ICPSR13652.v1  |x Resolving-System  |z kostenfrei  |3 Volltext  |7 0 
935 |a mkri 
951 |a BO 
ELC |a 1 
LOK |0 000 xxxxxcx a22 zn 4500 
LOK |0 001 4296808931 
LOK |0 003 DE-627 
LOK |0 004 1840061294 
LOK |0 005 20230324125309 
LOK |0 008 230324||||||||||||||||ger||||||| 
LOK |0 035   |a (DE-2619)ICPSR13652 
LOK |0 040   |a DE-2619  |c DE-627  |d DE-2619 
LOK |0 092   |o n 
LOK |0 852   |a DE-2619 
LOK |0 852 1  |9 00 
LOK |0 935   |a foda  |a nacj 
LOK |0 939   |a 24-03-23  |b l01 
OAS |a 1 
ORI |a SA-MARC-krimdoka001.raw